| 000 | 00901nam a2200289 a 4500 | ||
|---|---|---|---|
| 001 | 33216 | ||
| 003 | BD-RjUL | ||
| 005 | 20211209051952.0 | ||
| 008 | 140430s2005 enk b 001 0 eng | ||
| 020 | _a0761968210 | ||
| 035 | _a(BD-RjUL)33307 | ||
| 040 |
_aDLC _cDLC _dDLC _dBD-RjUL _beng |
||
| 041 | _aeng | ||
| 082 | 0 | 0 |
_a301 _222 _bSAG 2005 |
| 245 | 0 | 4 |
_aThe Sage handbook of sociology / _cedited by Craig Calhoun, Chris Rojek, and Bryan Turner. |
| 260 |
_aLondon ; _aThousand Oaks, Calif. : _bSage Publications, _c2005. |
||
| 300 |
_axv, 590 ; _c26 cm. |
||
| 504 | _aIncludes bibliographical references and index. | ||
| 650 | 0 |
_aSociology. _9100874 |
|
| 700 | 1 |
_aCalhoun, Craig J., _d1952- _9100875 |
|
| 700 | 1 |
_aRojek, Chris. _918908 |
|
| 700 | 1 |
_aTurner, Bryan S. _944549 |
|
| 710 | 2 |
_aSage Publications. _9100876 |
|
| 942 |
_2ddc _cBK |
||
| 999 |
_c33216 _d33216 |
||